000 00941nam a2200265Ia 4500
003 OSt
005 20220923222044.0
006 a|||||r|||| 00| 0
007 ta
008 220922b |||||||| |||| 00| 0 hin d
024 _a202,734
037 _cTextual
040 _aARTS
_cARTS
_bhin
041 _2hin
_ahin
082 _aO35v2:N5, 152K4
100 _aरेड्डी, बालशौरि
_9156271
245 0 _aतेलुगु साहित्य का इतिहास
246 _aTelugu sāhitya kā itihāsa
260 _aउत्तर प्रदेश
_b हिन्दी समिति
_c1964
300 _a239पृ.
_ccm.
490 _aहिन्दी समिति ग्रंथमाला,80
650 _aतेलुगु साहित्य
_9156264
942 _hO35v2:N5, 152K4
_cTEXL
_2CC
999 _c353558
_d353558